Pensar y Poetizar: Nº 12.
Saved in:
| Hovedforfatter: | |
|---|---|
| Format: | Bog |
| Sprog: | spansk |
| Udgivet: |
Viña del Mar, Chile:
Instituto de Arte PUCV,
2015.
|
| Udgivelse: | 1a. ed |
| Fag: | |
| Tags: |
Tilføj Tag
Ingen Tags, Vær først til at tagge denne postø!
|
MARC
| LEADER | 00000cam a2200000 a 4500 | ||
|---|---|---|---|
| 001 | UCE9375 | ||
| 003 | CL-VaPUC | ||
| 005 | 20221005152057.0 | ||
| 008 | 151022e20150000cl |||||||||||||||||spa|d | ||
| 999 | |c 361039 |d 361037 | ||
| 040 | |c Pontificia Universidad Católica de Valparaíso | ||
| 082 | 0 | 4 | |a 808 CUN 2015 |2 21 |
| 100 | 0 | |a Cuneo, Bruno |e autor |9 582204 | |
| 245 | 1 | 0 | |a Pensar y Poetizar: Nº 12. |
| 250 | |a 1a. ed | ||
| 260 | |a Viña del Mar, Chile: |b Instituto de Arte PUCV, |c 2015. | ||
| 300 | |a 161 páginas. | ||
| 500 | |a c.3. Donación Rector saliente Claudio Elortegui, Julio 2022. Sin memo. Ingresado Octubre 2022. | ||
| 583 | |a last modification |c 20151022 17:18:00 |k Rodrigo Vera | ||
| 650 | 0 | |a Retórica |9 266620 | |
| 650 | 0 | |a Filosofía de la literatura |9 267374 | |
| 942 | |c BK |2 ddc | ||
| 945 | |d 20151022 17:18:00 |a dcastane | ||
| 952 | |0 0 |1 0 |3 erb |4 0 |6 808_000000000000000_CUN_2015 |7 0 |8 C |9 471347 |a BIBCUR |b BIBCUR |i 5243661 |o 808 CUN 2015 |p 5243661 |r 2025-04-22 |w 2019-11-24 |y BK |z Catalogado en:20151022 |k CAC | ||
| 952 | |0 0 |1 0 |3 erb |4 0 |6 808_000000000000000_CUN_2015 |7 0 |8 C |9 471348 |a BIBCUR |b BIBCUR |i 524367K |o 808 CUN 2015 |p 524367K |r 2025-04-22 |w 2019-11-24 |y BK |z Catalogado en:20151022 |k CAC | ||